Sin azc͠ar : (Registro nro. 9532)

Detalles MARC
000 -CABECERA
Longitud fija campo de control 01100cam a2200337 a 4500
003 - • IDENTIFICADOR DELl NÚMERO DE CONTROL
Identificador del número de control CO-BoRNBP
005 - • FECHA Y HORA DE LA ÚLTIMA TRANSACCIÓN
Fecha y hora de la última transacción 20230511202909.0
007 - • CAMPO FIJO DE DESCRIPCIÓN FÍSICA
Campo fijo de descripción física ta
008 - • CÓDIGOS DE INFORMACIÓN DE LONGITUD FIJA
Códigos de información de longitud fija 040522s2003 mx a jr 00011dspa d
020 ## - • NÚMERO INTERNACIONAL NORMALIZADO PARA LIBROS
Número Internacional Normalizado para Libros (ISBN) 9681667255
040 ## - FUENTE DE LA CATALOGACIÓN
Centro catalogador de origen la
Centro transcriptor la
041 1# - • CÓDIGO DE LENGUA
Código de lengua del texto/banda sonora o título independiente spa
Código de lengua original fre
043 ## - CÓDIGO DE ÁREA GEOGRÁFICA
Código de área geográfica e-fr---
082 04 - • NÚMERO DE LA CLASIFICACIÓN DECIMAL DEWEY
Número de clasificación (R) I843.91
Número del ítem M87s1
Número de edición 19 ed.
100 1# - • PUNTO DE ACCESO PRINCIPAL-NOMBRE DE PERSONA
Nombre de persona Murail, Marie Aude,
Fechas asociadas al nombre 1954-
245 10 - • TITULO PROPIAMENTE DICHO
Título Sin azc͠ar :
Resto del título gracias /
Mención de responsabilidad, etc. Marie-Aude Murail ; ilustraciones de Tania Janco ; traduccin̤ de Patricia Gutiřrez-Otero.
250 ## - • MENCIÓN DE EDICIÓN
Mención de edición 1a. edición
300 ## - • DESCRIPCIÓN FÍSICA
Extensión 101 p. :
Otras características físicas il. ;
Dimensiones 19 cm.
336 ## - TIPO DE CONTENIDO
Fuente rdacontent
Término de tipo de contenido texto
Código de tipo de contenido txt
337 ## - TIPO DE MEDIO
Fuente rdamedia
Nombre del tipo de medio sin mediación
Código del tipo de medio n
338 ## - TIPO DE SOPORTE
Fuente rdacarrier
Nombre del tipo de soporte volumen
Código del tipo de soporte nc
534 ## - • Nota De Versión Original
Título Sans sucre, merci.
650 ## - • PUNTO DE ACCESO ADICIONAL DE MATERIA - TÉRMINO DE MATERIA
Término de materia o nombre geográfico como elemento inicial Novela juvenil francesa.
Fuente del encabezamiento o término LEMB
650 ## - • PUNTO DE ACCESO ADICIONAL DE MATERIA - TÉRMINO DE MATERIA
Término de materia o nombre geográfico como elemento inicial Familia
Subdivisión de forma Novela juvenil.
Fuente del encabezamiento o término LEMB
650 #6 - • PUNTO DE ACCESO ADICIONAL DE MATERIA - TÉRMINO DE MATERIA
Término de materia o nombre geográfico como elemento inicial Moneda
Subdivisión de forma Novela juvenil.
Fuente del encabezamiento o término LEMB
650 ## - • PUNTO DE ACCESO ADICIONAL DE MATERIA - TÉRMINO DE MATERIA
Término de materia o nombre geográfico como elemento inicial Problemas familiares
Subdivisión de forma Novela juvenil.
Fuente del encabezamiento o término LEMB
700 1# - • PUNTO DE ACCESO ADICIONAL - NOMBRE DE PERSONA
Nombre de persona Janco, Tania,
Término indicativo de función il.
700 1# - • PUNTO DE ACCESO ADICIONAL - NOMBRE DE PERSONA
Nombre de persona Gutiřrez-Otero, Patricia,
Término indicativo de función tr.
942 ## - ENTRADA DE ELEMENTOS AGREGADOS (KOHA)
Fuente de clasificaión o esquema Dewey Decimal Classification
Koha [por defecto] tipo de item LIbro
949 ## - TRATAMIENTO DE LA INFORMACIÓN LOCAL (OCLC)
a n
b n

No hay ítems disponibles.










Instituto Departamental de Cultura del Meta - Red Departamental de Bibliotecas Públicas del Meta.